000 00666nam a2200241Ia 4500
003 OSt
005 20220918222347.0
006 a|||||r|||| 00| 0
007 ta
008 220917b |||||||| |||| 00| 0 eng d
024 _a216,624
037 _cTextual
040 _aARTS
_cARTS
_beng
041 _2eng
_aeng
082 _a2:7:f, P2-;1(2D)
100 _aSridhar M.S.
_948619
245 0 _aLibrary use and user research
_b with twenty case studies
260 _aNew Delhi
_bConcept publishing
_c2002
300 _a360p
_ccm.
650 _aLIBRARY SCIENCE
942 _h2:7:f, P2-;1(2D)
_cTEXL
_2CC
999 _c275307
_d275307